000 00501nam a2200181Ia 4500
005 20250508160900.0
008 008 250505s9999 xx 000 0 hin d
037 _aReference
040 _aFEDL
_beng
_cFEDL
041 _ahin
_2eng
084 _a371.3, PIN
_qFEDL
100 _aPinsent A
_9755517
245 0 _aAdhyapna vidhi ke siddhant
260 _aLondon, UK
_bGeorge G Harrap and Company Ltd.
_c1973
300 _a487p.
942 _cREF
_h371.3, PIN
999 _c1367164
_d1367164